| 000 | 00549nam a22001697a 4500 | ||
|---|---|---|---|
| 999 |
_c478320 _d478320 |
||
| 003 | NUST | ||
| 005 | 20180521070556.0 | ||
| 008 | 180521b ||||| |||| 00| 0 eng d | ||
| 020 | _a9780073229799 | ||
| 082 | _a515 | ||
| 100 |
_aLaurence D. Hoffmann , Gerald L. Bradley _910405 |
||
| 245 |
_aApplied Calculus _bFor Business Economics, and the Social and Life Sciences _cLaurence D. Hoffmann , Gerald L. Bradley |
||
| 250 | _a9th ed. | ||
| 260 |
_aNew York _bMc Graw Hill Higher Education _c2007 |
||
| 300 |
_a1009 p. _bHb. |
||
| 942 |
_2ddc _cBK |
||